000 00732nam a2200229Ia 4500
003 GCL
008 140319s9999 xx 000 0 ara d
020 _a3345001977
040 _aGCL /
_cGCL
082 0 4 _a791.43
_bهـ ج
100 1 _aهناء عبدالفتاح
245 1 0 _aجماليات فن الاخراج /
_cهناء عبدالفتاح
700 1 _aهبنر , زيجمونت
700 1 _aسعد اردش
250 _aالاولى
260 _aالقاهرة :
_bالهيئة المصرية العامة للكتاب ،
_c1993
300 _a303 ؛
_c24 سم
490 _aالالف كتاب الثانى
_v128
650 0 4 _aالسينما
650 0 4 _aالاخراج السينمائى
942 _2ddc
_cBK
999 _c44856
_d44856